Understanding second language acquisition
This new, fully updated edition continues to provide an authoritative and highly readable introduction to key areas of theory and research in second language acquisition. Ellis presents a comprehensive overview of the different theories in this field and examines critical reactions to them. The book...
محفوظ في:
| المؤلف الرئيسي: | |
|---|---|
| التنسيق: | كتاب |
| اللغة: | Undetermined |
| منشور في: |
New York
Oxford University Pres
2015
|
| الموضوعات: | |
| الوسوم: |
إضافة وسم
لا توجد وسوم, كن أول من يضع وسما على هذه التسجيلة!
|
| Thư viện lưu trữ: | Trung tâm Học liệu Trường Đại học Cần Thơ |
|---|
| LEADER | 01046nam a2200193Ia 4500 | ||
|---|---|---|---|
| 001 | CTU_233116 | ||
| 008 | 210402s9999 xx 000 0 und d | ||
| 082 | |a 418 | ||
| 082 | |b E47 | ||
| 100 | |a Ellis, Rod. | ||
| 245 | 0 | |a Understanding second language acquisition | |
| 245 | 0 | |c Rod Ellis. | |
| 260 | |a New York | ||
| 260 | |b Oxford University Pres | ||
| 260 | |c 2015 | ||
| 520 | |a This new, fully updated edition continues to provide an authoritative and highly readable introduction to key areas of theory and research in second language acquisition. Ellis presents a comprehensive overview of the different theories in this field and examines critical reactions to them. The book reflects recent trends in looking at cognitive and social aspects of second language acquisition, as well as examining the roles played by implicit and explicit instruction in language learning | ||
| 650 | |a Second language acquisition.,Tiếp thu ngôn ngữ thứ hai. | ||
| 910 | |a Tuyến | ||
| 980 | |a Trung tâm Học liệu Trường Đại học Cần Thơ | ||